000 00450nam a2200157Ia 4500
008 221007s9999 xx 000 0 und d
020 _a978-81265-5639-7
041 _aeng
082 _a158.1
_bCHA
100 _aChauhan G S & Sharma S
_9103604
245 _aSoft Skills
_bAn Integrated Approach To Maximise Personality
260 _c2016
_bWiley India (p) Ltd
_aNew Delhi
300 _a244p
520 _aB14030 June 2016
906 _a111.72
_bGeneral
999 _c74527
_d74527